LEADER 02773nam 2200577 a 450 001 9910451925903321 005 20211005030928.0 010 $a1-281-14929-2 010 $a0-19-156625-X 010 $a1-4356-1804-1 035 $a(CKB)1000000000482308 035 $a(EBL)415030 035 $a(OCoLC)437092050 035 $a(SSID)ssj0000122104 035 $a(PQKBManifestationID)11142129 035 $a(PQKBTitleCode)TC0000122104 035 $a(PQKBWorkID)10123086 035 $a(PQKB)11490337 035 $a(MiAaPQ)EBC415030 035 $a(Au-PeEL)EBL415030 035 $a(CaPaEBR)ebr10212059 035 $a(CaONFJC)MIL114929 035 $a(MiAaPQ)EBC5891132 035 $a(EXLCZ)991000000000482308 100 $a20070711d2007 uy 0 101 0 $aeng 135 $aur|n|---||||| 181 $ctxt 182 $cc 183 $acr 200 12$aA chronology of European security & defence, 1945-2007$b[electronic resource] /$fJulian Lindley-French 210 $aOxford ;$aNew York $cOxford University Press$d2007 215 $a1 online resource (398 p.) 300 $aDescription based upon print version of record. 311 $a0-19-921432-8 320 $aIncludes bibliographical references (p. [361]-362) index. 327 $aContents; About the Author; How the Chronology Works; List of Abbreviations and Acronyms; PART 1: 1945-1949 The Formative Years; PART 2: 1950-1959 The Long Haul; PART 3: 1960-1969 The Dawn of Reason; PART 4: 1970-1979 The Lukewarm Peace; PART 5: 1980-1989 Countdown to Freedom; PART 6: 1990-1999 The Strategic Vacation; PART 7: 2000-2007 A Brave New Century?; Sources; Index; A; B; C; D; E; F; G; H; I; J; K; L; M; N; O; P; Q; R; S; T; U; V; W; Y; Z 330 $aA unique and essential source of reference for all those with an interest in European defence and security over the last 60 years. An extensively annotated chronology, the book carefully places every key event in context, explaining what happened, where, when, and why. - ;A Chronology of European Security and Defence 1945-2006 is a unique and authoritative source of reference for all those with an interest in European defence and security over the last 60 years. An extensively annotated chronology, the book offers a blow-by-blow account of the events that have shaped the Europe of today. The b 606 $aNational security$zEurope 607 $aEurope$xDefenses 608 $aElectronic books. 615 0$aNational security 676 $a355/.0330409045 700 $aLindley-French$b Julian$0880012 801 0$bMiAaPQ 801 1$bMiAaPQ 801 2$bMiAaPQ 906 $aBOOK 912 $a9910451925903321 996 $aA chronology of European security & defence, 1945-2007$91965071 997 $aUNINA LEADER 01193nam0 22002771i 450 001 UON00275532 005 20231205103813.922 100 $a20060405d1954 |0itac50 ba 101 $afre 102 $aCA 105 $a|||| ||||| 200 1 $aVie des lettres et histoire canadienne$esuivi d'une lexique pour servire à l'étude de nostre histoire littéraire$fBenoit Lacroix$gpréface de A. Lamarche 210 $aMontréal$cLes éditions du lévrier$d1954 215 $a77 p.$d26 cm. 316 $adono di Giselle Huot$5IT-UONSI FrancC840/0008 606 $aLetteratura$xStudi$3UONC023782$2FI 620 $aCA$dMontréal$3UONL000242 676 $a801$cLetteratura. Filosofia e teoria$v21 700 1$aLACROIX$bBenoît$3UONV115590$0392621 712 $aLes editions du lévrier$3UONV271635$4650 801 $aIT$bSOL$c20250606$gRICA 899 $aSIBA - SISTEMA BIBLIOTECARIO DI ATENEO$2UONSI 912 $aUON00275532 950 $aSIBA - SISTEMA BIBLIOTECARIO DI ATENEO$dSI C 840 0008 $eSI DA 1092 5 0008 dono di Giselle Huot$sBuono 996 $aVie des lettres et histoire canadienne$91244213 997 $aUNIOR